| 000 | 00413 a2200145 4500 | ||
|---|---|---|---|
| 001 | ART_8713 | ||
| 005 | 20260410161558.0 | ||
| 008 | 260409a | ||
| 245 | 1 | 0 | _aEl capital intelectual |
| 100 | 1 | _aPriotto, Hugo C. | |
| 700 | 1 | _aQuadro, Martín E. | |
| 700 | 1 | _aVeteri, Liliana J. | |
| 700 | 1 | _aWerbin, Eliana M. | |
| 773 | 0 |
_tProfesional & Empresaria _g- Año XII, Nº 142 (jul. 2011) _wREV70 |
|
| 999 |
_c9418 _d9418 |
||